000 00675 a2200193 4500
010 _aENG-85512
020 _c60.00
035 _aEN-69045
037 _bD.B.Act / Pub
082 1 4 _a526.37
090 _c2844
_d2844
100 1 _aMallikarjunaiah, G.
245 1 _aResearch on motion physical bodies
_cby G. Mallikarjunaiah
_bspecial knowledge in liquid of barometer
260 _aKarnataka
_bSunanda Prakashana
_c2005
270 _aMelanahalli, Chikkanayakanahalli Tq. Tumkur
_bKarnataka
_k9449633011
_e572214
300 _a81 p.
_c21 cm (Pbk.)
942 _adp
_cEN
_k526.37 / MAL
999 _c2790
_d2790